000 00466nam a2200193Ia 4500
008 170918s9999 xx 000 0 und d
020 _a9781416991359
050 _bS859go 1996
100 _aStine, R. L.
245 _aFright night and the ooze /
245 _cby R. L. Stine.
260 _aNew York :
260 _bAladdin,
260 _c1996
300 _a107 pages :
300 _billustrations ;
300 _c19cm.
300 _eGhost of fear street.
999 _c344262
_d344262